Jó utat füst nélkül Ötéves a troli Szegeden /
Elmentve itt :
| Szerző: | |
|---|---|
| Dokumentumtípus: | Cikk |
| Megjelent: |
1984-11-11
|
| Sorozat: | Délmagyarország
74 No. 265 |
| Kulcsszavak: | villamos, troli |
| Online Access: | http://dmarchiv.bibl.u-szeged.hu/109891 |
| LEADER | 00484nab a2200157 i 4500 | ||
|---|---|---|---|
| 001 | delm109891 | ||
| 005 | 20190903091104.0 | ||
| 008 | 190903s1984 hu o 0|| hun d | ||
| 040 | |a SZTE Délmagyarország Archívum |b hun | ||
| 041 | |a hun | ||
| 100 | 2 | |a Ács Sánta Sándor | |
| 245 | 1 | 0 | |a Jó utat füst nélkül |h [elektronikus dokumentum] : |b Ötéves a troli Szegeden / |c Ács Sánta Sándor |
| 260 | |c 1984-11-11 | ||
| 300 | |a 1 | ||
| 490 | 0 | |a Délmagyarország |v 74 No. 265 | |
| 695 | |a villamos, troli | ||